Statistiken für Deutschen Fußballmeister

Klicken Sie hier um das Quiz zu spielen!

Allgemein

  • Dieses Quiz wurde 193 mal gespielt
  • Das Durchschnittsergebnis liegt bei 85 aus 111

Antwortstatistiken

SaisonMeister% Korrekt
2019-2020FC Bayern München
99%
1931-1932 | 1968-1969 | 1971-1972 | +29 othersFC Bayern München
98%
1922-1923Hamburger SV
90%
1955-1956 | 1956-1957 | 1962-1963 | +5 othersBorussia Dortmund
88%
1927-1928 | 1959-1960 | 1978-1979 | +2 othersHamburger SV
88%
1961-1962 | 1963-1964 | 1977-19781. FC Köln
86%
1949-1950 | 1951-1952 | 1983-1984 | +2 othersVfB Stuttgart
86%
2008-2009VfL Wolfsburg
84%
1950-1951 | 1952-1953 | 1990-1991 | 1997-19981. FC Kaiserslautern
83%
1964-1965 | 1987-1988 | 1992-1993 | 2003-2004Werder Bremen
83%
1969-1970 | 1970-1971 | 1974-1975 | +2 othersBorussia Mönchengladbach
78%
1919-1920 | 1920-1921 | 1923-1924 | +6 others1. FC Nürnberg
75%
1965-1966TSV 1860 Munich
71%
1902-1903 | 1905-1906 | 1912-1913VfB Leipzig
68%
1929-1930 | 1930-1931Hertha BSC
67%
1933-1934 | 1934-1935 | 1936-1937 | +4 othersSchalke 04
67%
1966-1967Eintracht Braunschweig
59%
1932-1933Fortuna Düsseldorf
54%
1937-1938 | 1953-1954Hannover 96
51%
1958-1959Eintracht Frankfurt
49%
1913-1914 | 1925-1926 | 1928-1929SpVgg Greuther Fürth
43%
1954-1955Rot-Weiss Essen
42%
1911-1912Holstein Kiel
35%
1940-1941Rapid Wien
35%
1948-1949VfR Mannheim
31%
1908-1909Phönix Karlsruhe
24%
1907-1908 | 1910-1911BFC Viktoria 1889
20%
1906-1907Freiburger FC
13%
1942-1943 | 1943-1944Dresdner SC
10%
1909-1910Karlsruher FV
10%
1904-1905Berliner TuFC Union 1892
7%

Verteilung der Resultate

Perzentil nach korrekt beantworteten Fragen

Anzahl Personen mit jedem Resultat

Ihre Resultats-Entwicklung

Sie haben dieses Quiz noch nicht gespielt